[Event "PRO League Group Stage"]
[Site "masterchessopen.com chess.com INT"]
[Date "2017.02.11"]
[Round "5"]
[White "Kolosovsky,A"]
[Black "Leskovar,Mar"]
[Result "0-1"]
[WhiteElo "2074"]
[BlackElo "2292"]

1.d4 g6 2.Nf3 Bg7 3.Bf4 d6 4.e3 Nd7 5.Be2 Ngf6 6.h3 b6 7.O-O Bb7 8.c4 O-O
9.Nc3 Re8 10.Bh2 e5 11.Qc2 e4 12.Nd2 Qe7 13.Nb5 Nf8 14.c5 dxc5 15.Nxc7 cxd4
16.Nxe8 Rxe8 17.exd4 Nd5 18.Nc4 Bxd4 19.Nd6 Rb8 20.Nf5 gxf5 21.Bxb8 f4 22.Rad1
Bc5 23.Rxd5 Bxd5 24.Bxf4 Ne6 25.Be3 Bd6 26.Rd1 Nc7 27.Bc4 Bb7 28.Qd2 Ne8
29.Bb5 Qe5 30.Bxe8 Qh2+ 31.Kf1 Ba6+ 32.Qe2 Qh1# 0-1

[Event "PRO League Group Stage"]
[Site "masterchessopen.com chess.com INT"]
[Date "2017.02.11"]
[Round "5"]
[White "Kolosovsky,A"]
[Black "Salinas Herrera,P"]
[Result "0-1"]
[WhiteElo "2074"]
[BlackElo "2464"]

1.c4 c6 2.Nf3 d5 3.b3 Bf5 4.Bb2 e6 5.e3 Nd7 6.Nc3 Ngf6 7.Be2 h6 8.O-O Bd6 9.d4
O-O 10.cxd5 exd5 11.Rc1 Re8 12.Na4 Qe7 13.Nc5 Nxc5 14.dxc5 Bxc5 15.Bxf6 gxf6
16.Nh4 Be4 17.Bd3 Ba3 18.Qg4+ Kh7 19.Nf5 Qf8 20.Bxe4 Rxe4 21.Qh5 Bxc1 22.Rxc1
Re5 23.f4 Rxf5 24.Qxf5+ Kh8 25.e4 dxe4 26.Rc3 Re8 27.Re3 Re6 28.Rxe4 Qe7
29.Rxe6 Qxe6 30.Qa5 Qe3+ 31.Kf1 Qxf4+ 32.Ke2 Qe5+ {#R} 0-1

[Event "PRO League Group Stage"]
[Site "masterchessopen.com chess.com INT"]
[Date "2017.02.11"]
[Round "5"]
[White "Holt,C"]
[Black "Meskovs,N"]
[Result "1-0"]
[WhiteElo "2567"]
[BlackElo "2490"]

1.d4 Nf6 2.c4 e6 3.Nc3 Bb4 4.Qc2 O-O 5.a3 Bxc3+ 6.Qxc3 d5 7.Nf3 dxc4 8.Qxc4 b6
9.Bg5 Ba6 10.Qa4 Qd7 11.Qc2 c5 12.Rd1 cxd4 13.Bxf6 gxf6 14.Nxd4 Rc8 15.Qe4 Bb7
16.Qg4+ Kh8 17.Qh4 Qe7 18.e3 Rg8 19.Bd3 Rg7 20.Be4 Na6 21.b4 Rag8 22.g3 Nb8
23.O-O Bxe4 24.Qxe4 Rg4 25.Qf3 R4g5 26.b5 Rc5 27.Nc6 Nxc6 28.bxc6 Rf5 29.Qe4
Qxa3 30.c7 Rc5 31.Rd8 Rxc7 32.Qa8 {#r} 1-0

[Event "PRO League Group Stage"]
[Site "masterchessopen.com chess.com INT"]
[Date "2017.02.11"]
[Round "5"]
[White "Miladinovic,I"]
[Black "Tang,Andrew"]
[Result "1-0"]
[WhiteElo "2538"]
[BlackElo "2466"]

1.d4 d5 2.Bf4 Nf6 3.e3 e6 4.Bd3 c5 5.dxc5 Bxc5 6.a3 Nc6 7.Nf3 Bd6 8.Bxd6 Qxd6
9.Nc3 O-O 10.O-O e5 11.e4 d4 12.Ne2 Nd7 13.Nd2 Nc5 14.f4 Bg4 15.f5 Qh6 16.Rf2
Qe3 17.Nf1 Bxe2 18.Qxe2 Qxe2 19.Rxe2 Rac8 20.Nd2 Rc7 21.g4 Rfc8 22.Kf2 a6
23.g5 b5 24.h4 Na4 25.Rb1 Na5 26.Nf3 Re8 27.Ree1 Nb7 28.Rg1 Nd6 29.f6 Nc5
30.Rbe1 Nc4 31.Rb1 Nd6 32.Rbe1 Nc4 33.Rb1 Ne3 34.Ke2 Ne6 35.Nxe5 Nf4+ 36.Kf3
Nxd3 37.Nxd3 Rxc2 38.fxg7 Kxg7 39.Nf4 Nc4 40.Nh5+ Kg6 41.Nf6 Ne5+ 42.Kg3 Rec8
43.Rbd1 R8c4 44.Kf4 Nc6 45.Ne8 Rf2+ 46.Kg3 Rxb2 47.Rdf1 Rb3+ 48.Kf4 h5
49.gxh6+ Kxh6 50.Rg8 Ne7 51.Rh8+ Kg6 52.h5# 1-0

[Event "PRO League Group Stage"]
[Site "masterchessopen.com chess.com INT"]
[Date "2017.02.11"]
[Round "5"]
[White "Durarbayli,V"]
[Black "Jeran,B"]
[Result "1-0"]
[WhiteElo "2616"]
[BlackElo "2236"]

1.e4 c5 2.Ne2 d6 3.g3 Nc6 4.Bg2 e6 5.O-O Nf6 6.d4 cxd4 7.Nxd4 Qc7 8.Nb5 Qb8
9.Bg5 a6 10.Bxf6 gxf6 11.Nd4 Bd7 12.Nc3 h5 13.h4 Ne5 14.a4 Qc7 15.Nde2 Bh6
16.a5 Rc8 17.b4 Ke7 18.Kh1 Qc4 19.Rb1 Bb5 20.Rb3 Nc6 21.Nxb5 Qxb5 22.f4 Rhg8
23.Kh2 f5 24.c4 Qxc4 25.exf5 Bg7 26.fxe6 fxe6 27.Re1 Bf6 28.Re3 e5 29.Bd5 Qxb4
30.Rb3 Qxa5 31.Rxb7+ Rc7 32.Rxc7+ Qxc7 33.Bxg8 Kf8 34.Bd5 exf4 35.Nxf4 Nd4
36.Qxd4 {#r} 1-0

[Event "PRO League Group Stage"]
[Site "masterchessopen.com chess.com INT"]
[Date "2017.02.11"]
[Round "5"]
[White "Simonovic,M"]
[Black "Chjumachenko,A"]
[Result "0-1"]
[WhiteElo "2219"]
[BlackElo "2327"]

1.c4 Nf6 2.Nc3 d5 3.cxd5 Nxd5 4.e4 Nxc3 5.bxc3 g6 6.h4 h5 7.Bc4 Bg7 8.Nf3 Nc6
9.d4 Na5 10.Qa4+ c6 11.Ng5 Nxc4 12.Qxc4 O-O 13.Ba3 Qc7 14.Rb1 b6 15.O-O Bb7
16.f4 c5 17.dxc5 Rac8 18.Qb4 Ba6 19.cxb6 axb6 20.Qxe7 Qxe7 21.Bxe7 Rfe8 22.Rf3
Rxe7 23.Rxb6 Be2 24.Re3 Bxc3 25.Rd6 Bb4 26.Rd5 Bc4 27.Red3 Bxd3 28.Rxd3 Rc1+
29.Kh2 f6 30.Rd8+ Kg7 31.Nf3 Rxe4 32.Nd4 Be7 33.Rd7 Kf7 34.Nf3 Rxf4 35.Kg3
Rg4+ 36.Kh2 Rc2 37.Ne1 {#R} 0-1

[Event "PRO League Group Stage"]
[Site "masterchessopen.com chess.com INT"]
[Date "2017.02.11"]
[Round "5"]
[White "Shaposhnikov,E"]
[Black "Norowitz,Yaacov"]
[Result "1-0"]
[WhiteElo "2557"]
[BlackElo "2429"]

1.e4 c6 2.d4 d5 3.Nd2 dxe4 4.Nxe4 Nf6 5.Nxf6+ gxf6 6.c3 Qd5 7.Be3 Bf5 8.Ne2
Qa5 9.Nf4 Bg6 10.h4 Nd7 11.h5 Be4 12.f3 Bd5 13.Kf2 e5 14.Nxd5 Qxd5 15.Qb3 Qxb3
16.axb3 exd4 17.Bxd4 Bc5 18.Re1+ Kf8 19.Rh4 Re8 20.Rxe8+ Kxe8 21.h6 Bxd4+
22.Rxd4 Nc5 23.b4 Ne6 24.Rd1 Ke7 25.Ra1 a6 26.Bd3 Rd8 27.Ke3 Rd5 28.Ra5 Rd8
29.g3 Rg8 30.Kf2 Rd8 31.Ke3 Rg8 32.g4 Re8 33.Bxh7 Rh8 34.Bd3 Rxh6 35.Rh5 Rxh5
36.gxh5 Kf8 37.h6 Kg8 38.Bf5 b6 39.Be4 c5 40.bxc5 Nxc5 41.Bc2 Ne6 42.Bf5 a5
43.Kd3 Ng5 44.Kc4 Nxf3 45.Kb5 Nh4 46.Bd3 f5 47.Kxb6 a4 48.c4 Nf3 49.c5 f4
50.c6 Ne5 51.c7 {#r} 1-0

[Event "PRO League Group Stage"]
[Site "masterchessopen.com chess.com INT"]
[Date "2017.02.11"]
[Round "5"]
[White "Agrest,E"]
[Black "Guseinov,G"]
[Result "0-1"]
[WhiteElo "2593"]
[BlackElo "2643"]

1.d4 Nf6 2.Bf4 g6 3.e3 Bg7 4.Nf3 d6 5.h3 O-O 6.Be2 Nbd7 7.Bh2 b6 8.O-O Bb7
9.a4 a6 10.Nbd2 Qe8 11.Nc4 Ne4 12.c3 e5 13.Qc2 Qe7 14.Rad1 Rad8 15.Ne1 Rfe8
16.d5 f5 17.f3 Nef6 18.e4 f4 19.b4 Kh8 20.Nd3 c6 21.dxc6 Bxc6 22.Nf2 d5 23.Nd2
a5 24.Rb1 Rc8 25.Qb3 axb4 26.cxb4 Nf8 27.Ba6 Bb7 28.Bxb7 Qxb7 29.exd5 Nxd5
30.Nc4 Qc6 31.Rbc1 Ne6 32.Ne4 Nd4 33.Qb2 Qxa4 34.Ncd6 Rxc1 35.Rxc1 Rf8 36.b5
Qa7 37.Kh1 Qe7 38.Qa2 Ne3 39.Bg1 h6 40.Ra1 Qc7 41.Qa7 Qc2 42.Ra2 Qd1 43.Rd2
Qf1 44.Rf2 Qd1 45.Rd2 Qe1 46.Qa2 Qh4 47.Rf2 g5 48.Nf7+ Kh7 49.Qa7 g4 50.fxg4
Nxg4 51.Rf1 f3 52.Qd7 fxg2+ 53.Kxg2 Ne3+ 54.Bxe3 Qxe4+ 55.Kh2 Qxe3 56.Ng5+
Qxg5 57.Rxf8 e4 58.Rf7 Nf3+ 59.Rxf3 exf3 60.Qd3+ Qg6 61.Qxf3 h5 62.Kh1 Qb1+
63.Kh2 Qxb5 64.Qe4+ Kg8 65.Qe6+ Kh8 66.Qc8+ Kh7 67.Qc2+ Kh6 68.Qd2+ Qg5
69.Qd6+ Qg6 70.Qf4+ Kh7 {#R} 0-1

[Event "PRO League Group Stage"]
[Site "masterchessopen.com chess.com INT"]
[Date "2017.02.11"]
[Round "5"]
[White "Agrest,E"]
[Black "Moon,Benjamin"]
[Result "1-0"]
[WhiteElo "2593"]
[BlackElo "2265"]

1.d4 Nf6 2.Bf4 d5 3.e3 e6 4.Nd2 c5 5.c3 Nc6 6.Ngf3 Bd6 7.Bg3 O-O 8.Bb5 Bxg3
9.hxg3 Qb6 10.Bxc6 bxc6 11.Qc2 h6 12.Ne5 Rb8 13.b3 Nd7 14.Ndf3 cxd4 15.cxd4 c5
16.Nxd7 Bxd7 17.Ne5 Qb4+ 18.Qd2 Bb5 19.Qxb4 cxb4 20.Kd2 Rfc8 21.Rhc1 f6 22.Nf3
a5 23.Rc5 Rxc5 24.dxc5 e5 25.a3 Rc8 26.axb4 axb4 27.Ra5 Bf1 28.Ne1 h5 29.f4 e4
30.f5 g5 31.fxg6 Kg7 32.Nc2 Kxg6 33.Nd4 Kg5 34.c6 Bxg2 35.Rxd5+ Kg4 36.Rf5
Rxc6 37.Rf4+ Kxg3 38.Nxc6 h4 39.Rxf6 h3 40.Rh6 h2 41.Rxh2 Kxh2 42.Nxb4 Kg3
43.Kc3 Kf3 44.Kd4 Bf1 45.Nd5 Bd3 46.b4 Kg4 47.Nc3 Kf5 48.Kd5 Kf6 49.Nxe4+ Ke7
50.Nc3 Kd7 51.Kc5 Kc7 52.b5 Bf1 53.e4 Bg2 54.Nd5+ Kd7 55.e5 Bf3 56.b6 Kc8
57.e6 Bg4 58.e7 Bd7 59.Nf6 Bb5 60.e8=Q+ Kb7 61.Qxb5 {#r} 1-0

[Event "PRO League Group Stage"]
[Site "masterchessopen.com chess.com INT"]
[Date "2017.02.11"]
[Round "5"]
[White "Postny,E"]
[Black "Derbenev,A"]
[Result "1-0"]
[WhiteElo "2601"]
[BlackElo "2376"]

1.d4 Nf6 2.c4 e6 3.Nf3 c5 4.d5 exd5 5.cxd5 d6 6.Nc3 g6 7.Bf4 Bg7 8.Qa4+ Bd7
9.Qb3 b5 10.Bxd6 Qb6 11.Be5 c4 12.Qd1 b4 13.Nb1 O-O 14.e3 Bb5 15.Nbd2 Nbd7
16.Bxc4 Nxe5 17.Nxe5 Rac8 18.Bxb5 Qxb5 19.Ndf3 Nxd5 20.Qd3 Qxd3 21.Nxd3 Rc2
22.Rd1 Rfc8 23.O-O Nb6 24.Nfe1 Re2 25.Nxb4 Bxb2 26.Ned3 Ba3 27.Rb1 a5 28.Nf4
Rd2 29.Nbd3 Na4 30.Rb5 Nc5 31.Ne5 Bb4 32.a3 Bc3 33.Nc4 Ra2 34.Nd5 Kg7 35.Nxc3
Rb2 {#r} 1-0

[Event "PRO League Group Stage"]
[Site "masterchessopen.com chess.com INT"]
[Date "2017.02.11"]
[Round "5"]
[White "Yatzenko,A"]
[Black "Postny,E"]
[Result "0-1"]
[WhiteElo "2361"]
[BlackElo "2601"]

1.d4 d5 2.Nf3 c6 3.Bf4 Nf6 4.e3 Bg4 5.h3 Bxf3 6.Qxf3 e6 7.Nd2 Bd6 8.Bd3 Bxf4
9.Qxf4 Nbd7 10.Qd6 Qe7 11.Qxe7+ Kxe7 12.e4 dxe4 13.Nxe4 Nxe4 14.Bxe4 Nf6
15.Bf3 g5 16.O-O-O h5 17.g3 h4 18.g4 Rad8 19.Rhe1 Nd5 20.Bxd5 Rxd5 21.Re5 f5
22.Rxd5 cxd5 23.Rg1 Rf8 24.Kd1 Kf6 25.Ke2 b5 26.f4 gxf4 27.g5+ Kg6 28.Kf3 Rc8
29.c3 b4 30.Kxf4 bxc3 31.bxc3 Rxc3 32.Re1 Rc6 33.Re2 Ra6 34.Rg2 Ra4 35.Ke5 Ra3
36.Kxe6 Rxh3 37.Kxd5 Rg3 38.Rd2 h3 39.Ke5 Kxg5 40.d5 Rg2 41.Rd3 h2 42.Rh3 Re2+
43.Kd6 Kg4 44.Rh8 Kg3 {#R} 0-1

[Event "PRO League Group Stage"]
[Site "masterchessopen.com chess.com INT"]
[Date "2017.02.11"]
[Round "5"]
[White "Yatzenko,A"]
[Black "Norowitz,Yaacov"]
[Result "0-1"]
[WhiteElo "2361"]
[BlackElo "2429"]

1.d4 Nf6 2.c4 e6 3.Nc3 Bb4 4.Qc2 Nc6 5.Nf3 d6 6.Bd2 O-O 7.a3 Bxc3 8.Bxc3 Re8
9.g3 e5 10.d5 Ne7 11.e4 c6 12.Be2 Bh3 13.Bf1 Qc8 14.Be2 cxd5 15.cxd5 Qc5
16.Ng5 Bg4 17.O-O h6 18.Nf3 Rac8 19.Rfc1 Bh5 20.Nh4 Bxe2 21.Qxe2 Qc4 22.Re1
Qxe2 23.Rxe2 Rc4 24.Rae1 Nd7 25.Nf3 b6 26.Nd2 Rc7 27.Bb4 Nc5 28.Nc4 Rd8 29.Rd1
f5 30.f3 g5 31.Ne3 fxe4 32.fxe4 Rf8 33.Rc2 Rcc8 34.Bxc5 Rxc5 35.Rxc5 bxc5
36.Nc4 Nc8 37.Rd3 Rd8 38.Rb3 Nb6 39.Ne3 Kf7 40.Rb5 h5 41.Kg2 Ke7 42.Nf5+ Kd7
43.a4 Kc7 44.a5 Nc4 45.a6 Nb6 46.Ng7 Rh8 47.Ne6+ Kd7 48.Nxg5 c4 49.h4 Rc8
50.g4 hxg4 51.Kg3 Ke7 52.Kxg4 Kf6 53.Ra5 c3 54.bxc3 Nc4 55.Ra2 Ne3+ 56.Kg3
Rxc3 57.Rf2+ Kg6 58.Rf3 Kh5 59.Nf7 Nf1+ 60.Kf2 Nd2 61.Rf5+ Kg4 62.Nh6+ Kxh4
63.Rf7 Nxe4+ 64.Ke2 Kh5 65.Ng8 Ra3 66.Rxa7 Nc3+ 67.Kd2 Nxd5 68.Ke2 e4 69.Ra8
Ra2+ 70.Ke1 Kg6 71.a7 Kg7 72.Rd8 Rxa7 73.Rxd6 Nf4 74.Nh6 Ra5 75.Ng4 Ra3 76.Nh6
e3 77.Nf5+ Kh7 {#R} 0-1

[Event "PRO League Group Stage"]
[Site "masterchessopen.com chess.com INT"]
[Date "2017.02.11"]
[Round "5"]
[White "Ynojosa,F"]
[Black "Daulyte,D"]
[Result "1-0"]
[WhiteElo "2399"]
[BlackElo "2447"]

1.c4 e6 2.Nc3 d5 3.d4 Nf6 4.Nf3 Bb4 5.Bf4 dxc4 6.Qa4+ Nc6 7.a3 Bxc3+ 8.bxc3
Nd5 9.Bd2 Nb6 10.Qc2 O-O 11.e4 Na5 12.Be2 Bd7 13.O-O Ba4 14.Qb2 Nb3 15.Rae1
Qe7 16.Bg5 f6 17.Bh4 Qf7 18.Nd2 Nxd2 19.Qxd2 Qe7 20.e5 Qf7 21.exf6 gxf6 22.Bg4
Rae8 23.Qh6 Re7 24.Re3 Qg7 25.Bxe6+ Kh8 26.Qf4 Bc2 27.Rfe1 Bg6 28.Qf3 c6
29.Bg3 Nd5 30.Bxd5 Rxe3 31.Rxe3 cxd5 32.Qxd5 Bd3 33.h4 Qf7 34.Qd6 Rg8 35.Re7
Qg6 36.h5 Qg5 37.Rf7 Qc1+ 38.Kh2 Qg5 39.Qxf6+ Qxf6 40.Rxf6 Rg5 41.h6 Kg8
42.Bd6 Rf5 43.Rxf5 Bxf5 44.Kg3 b5 45.Kf4 Bd3 46.Ke5 a5 47.d5 Kf7 48.Kd4 Bf1
49.g3 Ke8 50.Be5 Kd7 51.Kc5 b4 52.cxb4 axb4 53.axb4 Bd3 54.b5 {#r} 1-0

[Event "PRO League Group Stage"]
[Site "masterchessopen.com chess.com INT"]
[Date "2017.02.11"]
[Round "5"]
[White "Ynojosa,F"]
[Black "Fontaine,R"]
[Result "1-0"]
[WhiteElo "2399"]
[BlackElo "2549"]

1.c4 e5 2.Nc3 Nc6 3.e3 Nf6 4.d4 exd4 5.exd4 d5 6.Nf3 Be7 7.Bg5 O-O 8.Bxf6 Bxf6
9.cxd5 Re8+ 10.Be2 Nb4 11.Qb3 Nd3+ 12.Kf1 Nf4 13.Bb5 Re7 14.Bc4 Bg4 15.Qd1 a6
16.h3 Bc8 17.a4 b6 18.Qd2 Qd6 19.g3 Ng6 20.Kg2 Bb7 21.Rhe1 Rae8 22.Rxe7 Rxe7
23.Re1 Rxe1 24.Qxe1 Kf8 25.Qe2 a5 26.h4 Bd8 27.h5 Ne7 28.Qe4 g6 29.Ne5 Kg7
30.h6+ Kg8 31.g4 f5 32.Qf3 Qf6 33.d6+ Kh8 34.Qxb7 cxd6 35.Nf7+ Kg8 36.Nxd8+
Kf8 37.Ne6+ Kf7 38.Ng5+ Ke8 39.Qb8+ Kd7 40.Bb5+ Nc6 41.Qb7+ Kd8 42.Qxc6 Qe7
43.Qxb6+ Kc8 44.Nd5 {#r} 1-0

[Event "PRO League Group Stage"]
[Site "masterchessopen.com chess.com INT"]
[Date "2017.02.11"]
[Round "5"]
[White "Bartholomew,J"]
[Black "Swayams,M"]
[Result "1-0"]
[WhiteElo "2447"]
[BlackElo "2491"]

1.d4 Nf6 2.Nf3 e6 3.e3 d5 4.Bd3 Bd6 5.O-O O-O 6.b3 b6 7.Bb2 Bb7 8.Nbd2 c5
9.dxc5 bxc5 10.Qe2 Nc6 11.e4 Nd7 12.a3 Re8 13.Rfe1 Nf8 14.Ba6 Bxa6 15.Qxa6 Qc7
16.Qd3 Qd7 17.Nf1 Ng6 18.Rad1 d4 19.N1d2 e5 20.Nc4 Bc7 21.Ne3 Nf4 22.Qc4 Re6
23.g3 Rg6 24.Nf5 Ba5 25.Rf1 Bb6 26.Rfe1 Ba5 27.Rf1 Bb6 28.Rfe1 Re8 29.N3h4 Rg5
30.Bc1 g6 31.Nf3 Rxf5 32.exf5 Nh3+ 33.Kg2 Qxf5 34.Qd5 Re6 35.Qe4 Qxe4 36.Rxe4
f5 37.Ree1 Ba5 38.Bd2 Bxd2 39.Rxd2 Nxf2 40.Kxf2 e4 41.Kf1 h6 42.Rf2 Kf7 43.Nh4
Ne7 44.g4 Kf6 45.Kg2 Kg5 46.Kg3 Rf6 47.gxf5 gxf5 48.Ng2 Nd5 49.Nf4 Nxf4
50.Rxf4 Rg6 51.Ref1 Kf6+ 52.Kf2 Ke5 53.Rh4 f4 54.Rh5+ Rg5 55.Rxh6 e3+ 56.Kf3
Rf5 57.Rh4 Rf7 58.Rh5+ Kd6 59.h4 Rg7 60.Rg5 Rh7 61.h5 Re7 62.Ke2 Rf7 63.h6 Ke6
64.Rg7 Rf6 65.h7 Rh6 66.Rxf4 Rh2+ 67.Kd3 Rd2+ 68.Kc4 Rxc2+ 69.Kb5 Rh2 70.Rf8
e2 71.h8=Q Rxh8 72.Rxh8 d3 73.Re8+ Kf6 74.Rd7 {#r} 1-0

[Event "PRO League Group Stage"]
[Site "masterchessopen.com chess.com INT"]
[Date "2017.02.11"]
[Round "5"]
[White "Bartholomew,J"]
[Black "Satyapragyan,S"]
[Result "0-1"]
[WhiteElo "2447"]
[BlackElo "2462"]

1.d4 Nf6 2.Nf3 c5 3.d5 b5 4.Bg5 Qb6 5.Bxf6 exf6 6.e4 g6 7.Nbd2 d6 8.a4 b4
9.Bd3 Bg7 10.O-O O-O 11.h3 Qc7 12.Nc4 Nd7 13.a5 Ba6 14.Nfd2 Rfe8 15.f4 Rad8
16.Qf3 Bb7 17.f5 Bh6 18.Qg3 Bxd2 19.Nxd2 g5 20.Bb5 c4 21.Bxc4 Ne5 22.b3 Kh8
23.Qe3 Bc8 24.Ra4 Qb8 25.Qd4 Bd7 26.Raa1 Rg8 27.Be2 Rge8 28.Nf3 Rc8 29.Bc4 Qc7
30.Nxe5 Rxe5 31.a6 Qc5 32.Qxc5 Rxc5 33.Bd3 Re8 34.Kf2 Kg7 35.Rfc1 Kf8 36.c4
bxc3 37.b4 Rc7 38.Ra3 Rec8 39.Rc2 Ke7 40.Ke3 Kd8 41.Kd4 h5 42.Raxc3 Rxc3
43.Rxc3 Rxc3 44.Kxc3 Kc7 45.g3 h4 46.gxh4 gxh4 47.Be2 Kb6 48.Bh5 Be8 49.Be2
Bd7 50.Kd4 Be8 51.Ke3 Bb5 52.Bd1 Bxa6 53.Kf4 Bd3 54.Bf3 Kb5 55.Kg4 Kxb4
56.Kxh4 a5 57.Kg4 a4 58.h4 a3 59.h5 a2 60.h6 a1=Q 61.h7 Qa8 62.Kh5 Qf8 {#R}
0-1

[Event "PRO League Group Stage"]
[Site "masterchessopen.com chess.com INT"]
[Date "2017.02.11"]
[Round "5"]
[White "Szabo,Ben"]
[Black "Naroditsky,D"]
[Result "1-0"]
[WhiteElo "2378"]
[BlackElo "2646"]

1.Nf3 Nf6 2.c4 e6 3.Nc3 d5 4.d4 Bb4 5.Bg5 Nbd7 6.e3 c5 7.cxd5 exd5 8.Bd3 Qa5
9.O-O c4 10.Bf5 Bxc3 11.bxc3 Ne4 12.Bxe4 dxe4 13.Ne5 O-O 14.Be7 Re8 15.Bb4 Qd5
16.Nxd7 Bxd7 17.f4 exf3 18.Qxf3 Re4 19.Rae1 Rae8 20.Qg3 Bc6 21.Rf3 R4e6 22.Qf2
Rg6 23.Rg3 Ree6 24.Rxg6 hxg6 25.Qg3 Qe4 26.Qb8+ Kh7 27.Qg3 g5 28.Rf1 f6 29.Re1
Kg6 30.Qf2 b6 31.Ba3 Bd5 32.Bc1 f5 33.Rf1 a5 34.Qg3 b5 35.a3 Kf6 36.Rf2 Qb1
37.Rf1 Qe4 38.Rf2 Kg6 39.Rf1 Rb6 40.Bd2 Re6 41.Bc1 Qh4 42.Qxh4 gxh4 43.Bd2 Be4
44.Rf4 Kh5 45.Be1 g5 46.Rf2 Kg6 47.Rb2 Rb6 48.Bf2 Bd5 49.Kf1 Kf6 50.Be1 Rb7
51.Kf2 Ke6 52.Bd2 Be4 53.Be1 Kd6 54.Bd2 Kc6 55.Be1 Bd5 56.Bd2 Re7 57.Be1 Re4
58.Bd2 Rg4 59.g3 Re4 60.Bc1 hxg3+ 61.Kxg3 Rg4+ 62.Kh3 Rh4+ 63.Kg3 Rg4+ 64.Kh3
Be4 65.Rf2 Rh4+ 66.Kg3 Rg4+ 67.Kh3 b4 68.axb4 axb4 69.cxb4 Kb5 70.Bd2 Rh4+
71.Kg3 Rg4+ 72.Kh3 Ka4 73.d5 Kb5 74.Bc3 Rh4+ 75.Kg3 Rg4+ 76.Kh3 Rg1 77.d6 Kc6
78.Rd2 Kd7 79.Be5 Rc1 80.b5 c3 81.Ra2 c2 82.Ra7+ Ke6 83.Re7+ Kd5 84.d7 Rg1
85.d8=Q+ Kc4 86.Qd4+ Kb3 87.Qb2+ Kc4 88.Qc3+ Kd5 89.Qd4# 1-0

[Event "PRO League Group Stage"]
[Site "masterchessopen.com chess.com INT"]
[Date "2017.02.11"]
[Round "5"]
[White "Rosenthal,Nicholas"]
[Black "Gozzoli,Y"]
[Result "0-1"]
[WhiteElo "2156"]
[BlackElo "2583"]

1.e4 e5 2.Nf3 Nc6 3.Bc4 Bc5 4.c3 Nf6 5.d4 exd4 6.cxd4 Bb4+ 7.Bd2 Nxe4 8.Bxb4
Nxb4 9.Bxf7+ Kxf7 10.Qb3+ Kf8 11.Qxb4+ Qe7 12.Qxe7+ Kxe7 13.Nc3 Nxc3 14.bxc3
d6 15.Kd2 Rf8 16.Rhe1+ Kd8 17.Re3 Re8 18.Rae1 Rxe3 19.Rxe3 h6 20.h4 Bf5 21.d5
Kd7 22.Nd4 Bb1 23.a3 Rf8 24.f3 Ba2 25.Ne6 Rf7 26.Rd3 c6 27.Ke3 Bxd5 28.Nf4 Bc4
29.Rd4 b5 30.g4 Re7+ 31.Kf2 c5 32.Rd2 a5 33.g5 hxg5 34.hxg5 Re5 35.Nh3 Be6
36.f4 Re4 37.Kf3 Rc4 38.Nf2 Rxc3+ 39.Ke4 d5+ 40.Ke5 Re3+ {#R} 0-1

[Event "PRO League Group Stage"]
[Site "masterchessopen.com chess.com INT"]
[Date "2017.02.11"]
[Round "5"]
[White "Gelip,I"]
[Black "Sargissian,G"]
[Result "0-1"]
[WhiteElo "2187"]
[BlackElo "2667"]

1.e4 g6 2.d4 Bg7 3.Nc3 d6 4.Be3 a6 5.a4 Nd7 6.Bc4 e6 7.Nf3 Ne7 8.Qd2 h6 9.Rd1
b6 10.Bb3 Bb7 11.O-O Nf6 12.Qd3 O-O 13.h3 d5 14.e5 Ne4 15.Nd2 Nxc3 16.Qxc3 Rc8
17.Nf3 Nf5 18.Bf4 c5 19.Qd2 Qe7 20.c3 cxd4 21.Nxd4 Nxd4 22.Qxd4 Qc5 23.Qd2 Kh7
24.Rfe1 Qc6 25.Qd4 Qc5 26.Qd2 Qc6 27.Qd4 Rfd8 28.Bc2 Qc5 29.h4 Qxd4 30.Rxd4
Kg8 31.Kh2 Rc6 32.Red1 Rdc8 33.R1d2 a5 34.Bd3 R6c7 35.Bb5 Bc6 36.Ba6 Ra8
37.Bd3 Be8 38.Rd1 Rb8 39.Ra1 Bf8 40.Be2 Bc5 41.Rd2 Bxf2 42.Bxh6 Bxh4 43.g3 Bd8
44.Be3 f5 45.Kg2 Bc6 46.Rd4 Rh7 47.b4 Bc7 48.Bf4 g5 49.Bxg5 Bxe5 50.Rd3 axb4
51.Bf4 d4+ 52.Kf2 Rh2+ 53.Ke1 Rh1+ 54.Bf1 Be4 55.Bxe5 Bxd3 56.Kd2 Bxf1 57.Bxb8
bxc3+ {#R} 0-1

[Event "PRO League Group Stage"]
[Site "masterchessopen.com chess.com INT"]
[Date "2017.02.11"]
[Round "5"]
[White "Perez Ponsa,F"]
[Black "Thorfinnsson,Br"]
[Result "1-0"]
[WhiteElo "2583"]
[BlackElo "2453"]

1.e4 e5 2.Nf3 Nc6 3.Bc4 Bc5 4.c3 Nf6 5.d3 a6 6.O-O d6 7.Bb3 Ba7 8.Nbd2 O-O
9.h3 Be6 10.Re1 Re8 11.Nf1 h6 12.Ng3 d5 13.exd5 Bxd5 14.Bc2 Qd7 15.Be3 Bxf3
16.Qxf3 Qd5 17.Ne4 Nxe4 18.dxe4 Qe6 19.Bb3 Qg6 20.Bxa7 Nxa7 21.Re3 Rad8 22.Qe2
Rd7 23.Rg3 Qf6 24.Qh5 Kh7 25.Rf3 Qg6 26.Qh4 Nb5 27.Rg3 Qf6 28.Qxf6 gxf6 29.Re1
Rg8 30.Rf3 Kg7 31.Ree3 Rd2 32.Rf5 Nd6 33.Rg3+ Kf8 34.Rxf6 Rxg3 35.fxg3 Kg7
36.Rf2 Rxf2 37.Kxf2 Nxe4+ 38.Kf3 Nd6 39.g4 Kf6 40.h4 c6 41.Ke3 Nb5 42.a4 Nd6
43.a5 Kg6 44.Bc2+ Kf6 45.b4 Nc4+ 46.Ke4 Nd6+ 47.Ke3 Nc4+ 48.Kd3 Nb2+ 49.Ke4
Nc4 50.Bd3 Nd6+ 51.Ke3 Ke6 52.c4 Ne8 53.Bf5+ Kd6 54.g5 hxg5 55.h5 Ke7 56.c5
Nf6 57.h6 Nd5+ 58.Ke4 Kf6 59.h7 Kg7 60.Kxe5 Nxb4 61.Kd6 g4 62.Kc7 g3 63.Kxb7
Kh8 64.Be4 f5 65.Bxf5 Kg7 66.Be4 Kh8 67.Bxc6 Nd3 68.Kb6 Ne5 69.Be4 {#r} 1-0

[Event "PRO League Group Stage"]
[Site "masterchessopen.com chess.com INT"]
[Date "2017.02.11"]
[Round "5"]
[White "Meier,Geo"]
[Black "Francisco,R"]
[Result "1-0"]
[WhiteElo "2630"]
[BlackElo "2273"]

1.Nf3 Nf6 2.g3 g6 3.Bg2 Bg7 4.O-O O-O 5.d4 d5 6.Bf4 c5 7.dxc5 Na6 8.c6 bxc6
9.Be5 Re8 10.c4 Bf5 11.Nc3 dxc4 12.Nd4 Nb4 13.a3 Nbd5 14.Nxc6 Nxc3 15.Bxc3
Qxd1 16.Rfxd1 Ne4 17.Bxg7 Kxg7 18.g4 c3 19.gxf5 cxb2 20.Bxe4 bxa1=Q 21.Rxa1
gxf5 22.Bxf5 Kf6 23.Be4 Rac8 24.f3 Rc7 25.Kf2 h5 26.Rc1 Rec8 27.h4 Ke6 28.f4
Kd6 29.Rd1+ Kc5 30.Rc1+ Kd6 31.Rd1+ Kc5 32.Ne5 e6 33.Rb1 a5 34.Bf3 f6 35.Nd3+
Kd4 36.Rb5 Re7 37.Rxa5 Rc2 38.f5 e5 39.Nb4 e4 40.Nxc2+ Kc3 41.Ne3 exf3 42.Nd5+
{#r} 1-0

[Event "PRO League Group Stage"]
[Site "masterchessopen.com chess.com INT"]
[Date "2017.02.11"]
[Round "5"]
[White "Meier,Geo"]
[Black "Gurevich,Daniel"]
[Result "1-0"]
[WhiteElo "2630"]
[BlackElo "2455"]

1.Nf3 d5 2.g3 Bg4 3.Bg2 Nf6 4.c4 e6 5.O-O Nbd7 6.cxd5 exd5 7.h3 Bf5 8.Nc3 c6
9.d3 Be7 10.Nd4 Bg6 11.e4 O-O 12.exd5 Nc5 13.Be3 cxd5 14.Qf3 Nxd3 15.Nxd5 Nxd5
16.Qxd5 Qxd5 17.Bxd5 Bf6 18.Bxb7 Rab8 19.Bg2 Rxb2 20.a4 Rc8 21.Nc6 a6 22.Rfd1
Rc2 23.Rab1 Nb2 24.Rd6 R2xc6 25.Rxc6 Rxc6 26.Rxb2 Bxb2 27.Bxc6 Bc3 28.f4 Bd3
29.Bc5 g6 30.Kf2 Bd2 31.Kf3 f5 32.Be3 Bc3 33.Bf2 Bd2 34.Bc5 Kf7 35.Bd5+ Kf6
36.h4 h6 37.Bd4+ Ke7 38.Be5 g5 39.fxg5 hxg5 40.h5 Bc2 41.Ke2 Bc1 42.h6 f4
43.gxf4 Bxf4 44.Bxf4 gxf4 45.a5 Kf6 46.Bb7 Kg5 47.Bxa6 Kxh6 48.Bd3 Bb3 49.Kf3
Kg5 50.Ke4 Ba4 51.Kd5 f3 52.a6 Bd7 53.a7 f2 54.a8=Q Bh3 55.Ke5 {#r} 1-0

[Event "PRO League Group Stage"]
[Site "masterchessopen.com chess.com INT"]
[Date "2017.02.11"]
[Round "5"]
[White "Guseinov,G"]
[Black "Diamant,A"]
[Result "1-0"]
[WhiteElo "2643"]
[BlackElo "2515"]

1.e4 c5 2.Nf3 e6 3.d4 cxd4 4.Nxd4 Nc6 5.Nc3 Qc7 6.g3 d6 7.Bg2 Bd7 8.O-O Be7
9.Be3 Nf6 10.Nb3 a6 11.f4 b5 12.a3 Bc8 13.e5 dxe5 14.fxe5 Nd7 15.Rxf7 Kxf7
16.Qf3+ Ke8 17.Qxc6 Qxc6 18.Bxc6 Rb8 19.Rd1 Rb7 20.Nd4 Rc7 21.Ne4 Kf7 22.Nd6+
Bxd6 23.exd6 Rxc6 24.Nxc6 Bb7 25.Nd4 e5 26.Rf1+ Nf6 27.Nb3 Rd8 28.Nc5 Ba8
29.d7 Kg6 30.Ne6 {#r} 1-0

[Event "PRO League Group Stage"]
[Site "masterchessopen.com chess.com INT"]
[Date "2017.02.11"]
[Round "5"]
[White "Benjamin,Joe"]
[Black "Kuipers,S"]
[Result "1-0"]
[WhiteElo "2544"]
[BlackElo "2414"]

1.e4 d6 2.d4 Nf6 3.Nc3 e5 4.dxe5 dxe5 5.Qxd8+ Kxd8 6.Bc4 Ke8 7.Nf3 Bd6 8.Bg5
Nbd7 9.O-O-O a6 10.a4 h6 11.Bh4 g5 12.Bg3 Kf8 13.h4 g4 14.Nd2 Nc5 15.h5 b5
16.Bh4 Nxh5 17.axb5 axb5 18.Nxb5 Kg7 19.Nxd6 cxd6 20.Be7 Nf4 21.Bxd6 Nd7 22.b3
Bb7 23.Bb5 Nf6 24.Bxe5 Ne6 25.Kb2 Kg6 26.f3 Rhc8 27.Bc4 Nd7 28.Bxe6 fxe6
29.Bf4 Rh8 30.Nc4 {#r} 1-0